• 首页
  • 本馆介绍
  • 公告通知
  • 最新文献
  • 馆藏检索
  • 电子资源
  • 读者导购
  • 参考咨询
  • 我的图书馆
  • 登录
  • 详细信息显示
  • 放入我的书架
  • 预约/预借图书
  • 作者相关作品
  • 分类相关作品
  • 丛书相关作品
  • 出版社相关作品

书目信息

  • 表格格式
  • 工作单格式
  • 卡片格式
题名:
政治经济学社会主义部分探索
    
 
作者: 于光远 著
分册: (一)  
出版信息: 北京   人民出版社  1980.12
页数: 447页
开本: 20cm
丛书名:
单 册:
中图分类: F04
科图分类:
主题词: 社会主义社会--生产方式
电子资源:
ISBN:
000 00634nam0 2200205 45
001 0204140937
005 20060731151759.82
010    @dCNY1.40
091    @a4001.377
100    @a20020414d1980 km y0chiy0120 ea
101 0  @achi
200 1  @a政治经济学社会主义部分探索@AZheng Zhi Jing Ji Xue She Hui Zhu Yi Bu Fen Tan Suo@h(一)@f于光远著@FYu Guang Yuan Zhu
210    @a北京@c人民出版社@d1980.12
215    @a447页@d20cm
300    @a附录:论劳动者的个人利益与社会公共利益的结合等
606 0  @a社会主义社会@x生产方式
690    @aF04@v3
701  0 @a于光远@4著
801    @aCN@bTSTC@c20060731
905    @dF04@e13:1@f1@b39932@b39935@f1
    
    政治经济学社会主义部分探索.(一)/于光远著.-北京:人民出版社,1980.12
    447页;20cm
    附录:论劳动者的个人利益与社会公共利益的结合等
    
    ISBN :CNY1.40
    
●
相关链接 在E读中查询图书 在五车中查询图书 在当当中查询图书 在豆瓣中查询图书


正题名:政治经济学社会主义部分探索     索取号:F04/13:1         预约/预借

序号 登录号 条形码 馆藏地/架位号 状态 备注
1 0039932   001271108   第一借阅区/ [索取号:F04/13:1] 在馆    
2 0039935   001271135   第一样本阅览室/ [索取号:F04/13:1] 在馆    
3 0440671   204406712   密集书库/ [索取号:F04/13:1] 在馆    
4 0440868   204408685   密集书库/ [索取号:F04/13:1] 在馆    
唐山师范学院图书馆 欢迎您!
大连网信软件有限公司© 版权所有